Countries In Movies - Statistics

General Stats
  • This quiz has been taken 46 times
  • The average score is 14 of 20
Answer Stats
Movies Country % Correct
1704 Italy
95%
1238 Russia
95%
939 Brazil
93%
2047 China
93%
2967 France
90%
2790 Mexico
90%
2132 Canada
88%
1769 Japan
88%
2120 Germany
85%
2794 India
85%
1303 Spain
85%
1933 Australia
83%
948 Ireland
71%
1162 Iraq
61%
1156 Vietnam
56%
753 Turkey
51%
813 Afghanistan
37%
983 Israel
37%
935 Jordan
17%
892 Georgia
7%
No matching quizzes found
Score Distribution
Percent of People with Each Score
Percentile by Number Answered
Your Score History
You have not taken this quiz